Evaluación de la estrategia militar estadounidense en América Central: 1980-1984

Gespeichert in:
Bibliographische Detailangaben
1. Verfasser: Córdova Macías, Ricardo
Format: Text
Veröffentlicht: San Salvador: ASACS
Tags: Tag hinzufügen
Keine Tags, Fügen Sie den ersten Tag hinzu!

MARC

LEADER 00000 a a2200000 04500
001 21707
003
040
090 |a 097000  
100 |a Córdova Macías, Ricardo  
245 |a Evaluación de la estrategia militar estadounidense en América Central: 1980-1984  
260 |a San Salvador:   |b ASACS  
300 |a 34 p.  
999 |c 2546  |d 2546